01358nam a2200241 a 450000100060000000300090000600800410001502000150005604000280007108200160009924500710011526000330018630000140021950503070023365000360054065000370057665000410061394200120065499900170066695201510068395201530083495201290098711891CO-ViMGA141112s2004 ck r 000 u spa d a8449406544 aCO-ViMGAbspacCO-ViMGA aR150.3 P74210aEnciclopedia de la Psicopedagogía : bPedagogía y Psicología aBarcelona : bOceano, c1998 a948 p.il. aPsicología educativa Desarrollo cognitivo Desarrollo social El aprendizaje La retención y transferencia La motivación Dimensiones de la enseñanza Objetivos educativos Enseñanza basada en objetivos Medición y estadística Recogida de datos Evaluación e informe Diccionario de psicología14aPEDAGOGIA - ENCICLOPEDIAS9535214aPSICOLOGIA - ENCICLOPEDIAS9535314aPSICOPEDAGOGIA - ENCICLOPEDIAS95354 2ddccBK c10761d10761 00102ddc40708002aMEVIECARbMEVIECARd2015-12-04hVolumen. 1 | 11/jun/2009l0oR150.3 P742 p11891r2015-12-04 00:00:00tEj. 1w2015-12-04yBK 01102ddc44708001aMEVIGAEMPbMEVIGAEMPd2015-12-04hVolumen. 1 | 11/jun/2009l0oR150.3 P742 p38170r2017-05-24 00:00:00tEj. 1w2015-12-04yBK 00102ddc40708GENaMECUBARRbMECUBARRcGENd2024-06-12l0oR150.3 P742pCUB03085r2024-06-12 11:39:38tT3w2024-06-12yBK